LEADER 01323nam a2200301 u 4500 001 000000014812 003 CaOOAMICUS 005 20070226105816.0 008 940517s1954 it u000 u ita u 035 $a10348044 040 $aPUL$bita 100 1 $aSturzo, Luigi,$csac.,$d1871-1959.$0(OLS)http://pul/name/5972 245 13$aLa comunità internazionale e il diritto di guerra /$cLuigi Sturzo. 250 $a1. ed. ital. riv. 260 $aBologna :$bZanichelli,$c1954. 300 $axlviii, 346 p. ;$c24 cm 490 1 $aOpera omnia di Luigi Sturzo.$aI serie, Opere ;$v2 504 $aBibliografia: p. 323-325. 650 4$aGuerra (diritto internazionale).$0(OLS)http://pul/subject/10336 830 0$aOpera omnia di Luigi Sturzo.$nI serie,$pOpere ;$v2.$0(OLS)http://pul/title/21258 850 $aPUL 852 $aPUL$W1$xDP1 Cons. Gen., Altre Classi 1$y22$m44 E 25$j20747$nBK-PRI$b $qStampati$B20747$CPULBib$Z2$F20747 $H $81 852 $aPUL$W1$xDP1 Fondo De Girolamo$y124$m1 C 31.1.2$j193331$b2. copia$qFondi$B198825$CPULBib$Z2$F198825 $81 941 1 $a1 941 1 $a8 961 $aINV: 39916 996 $6245$aLa comunità internazionale e il diritto di guerra$9(OLS)http://pul/title/21259 996 $6260$aBologna :$bZanichelli$9(OLS)http://pul/publisher/48255 LEADER 01672nam a2200337 u 4500 001 000000074026 003 CaOOAMICUS 005 20070226122421.0 008 021129s1998 enk u000 u eng u 020 $a1840140720 (set) 035 $a10946425 040 $aPUL$bita 245 00$aComparative public administration /$cedited by Moshe Maor and Jan-Erik Lane. 260 $aAldershot :$bAshgate :$bDartmouth,$c1998. 300 $a2 v. ;$c24 cm 490 1 $aThe international library of politics and comparative government 504 $aBibliografia in nota. 505 0 $av. 1. Analytical frameworks and critiques. -- v. 2. Comparative research. 650 4$aDiritto amministrativo.$0(OLS)http://pul/subject/17627 650 4$aDiritto comparato.$0(OLS)http://pul/subject/489 650 4$aAmministrazione pubblica.$0(OLS)http://pul/subject/21473 700 1 $aLane, Jan-Erik.$0(OLS)http://pul/name/49045 700 1 $aMaor, Moshe.$0(OLS)http://pul/name/49044 830 4$aThe international library of politics and comparative government.$0(OLS)http://pul/title/97286 850 $aPUL 852 $aPUL$W1$xSL Diritto e Scienze Sociali 3$y79$m300 A 18.12.1$j95577$nBK-PRI$b $qDDC 21$B95577$CPULBib$Z2$F95577 $H88607 $82 852 $aPUL$W1$xSL Diritto e Scienze Sociali 3$y79$m300 A 18.12.2$j198426$qDDC 21$B203041$CPULBib$Z2$F203041 $H88608 $82 941 1 $a9 996 $6020$a1840140720 (set)$9(OLS)http://pul/number/95706 996 $6245$aComparative public administration$9(OLS)http://pul/title/97285 996 $6260$aAldershot :$bAshgate :$bDartmouth$9(OLS)http://pul/publisher/65509